[Event "AUTO-OPEN-874"]
[Site "http://www.queenalice.com/game.php?id=355798"]
[Date "2008.2.17"]
[Round "2"]
[White "loh335"]
[Black "Artking"]
[Result "0-1"]
[WhiteElo "1928"]
[BlackElo "1778"]

1. c4 Nf6 2. d4 g6 3. Nc3 Bg7 4. Nf3 O-O 5. Bg5 e6 6. e3 d6 7. Be2 Nbd7 8. O-O
a6 9. e4 e5 10. d5 Qe8 11. Qd2 Nh5 12. Bh6 f5 13. Rac1 Ndf6 14. Bd3 f4 15. Bxg7
Kxg7 16. h3 h6 17. Ne2 Bd7 18. c5 Rc8 19. cxd6 cxd6 20. g4 Nxg4 21. hxg4 Bxg4
22. Nh2 Bh3 23. Rxc8 Qxc8 24. Rc1 Qd8 25. Nf3 Qd7 26. Nh2 f3 27. Qa5 fxe2 28.
Rc7 e1=Q+ 29. Qxe1 Qxc7 30. Qd2 Nf4 31. Qe3 Nxd3 32. Qxd3 Qc1+ 33. Nf1 Bxf1 34.
Qxf1 Qxf1+ 35. Kxf1 Rf4 36. Kg2 Rxe4 37. Kf3 Rd4 38. Ke3 Rxd5 39. Ke4 Rd2 0-1

[Event "AUTO-INT-652"]
[Site "http://www.queenalice.com/game.php?id=370228"]
[Date "2008.3.13"]
[Round "2"]
[White "peritezz"]
[Black "loh335"]
[Result "1-0"]
[WhiteElo "2138"]
[BlackElo "1955"]

1. e4 c6 2. d4 d5 3. exd5 cxd5 4. Nf3 Nc6 5. Bb5 Nf6 6. O-O Bg4 7. Qd3 e6 8. Ne5
Rc8 9. Re1 Bd6 10. Bg5 Bf5 11. Qxf5 O-O 12. Qh3 Nxd4 13. Bd3 h5 14. Nc3 Re8 15.
Re3 Nc6 16. Bh7+ Kxh7 17. Nxf7 Qe7 18. Nxd6 Qxd6 19. Bxf6 Kg6 20. Nb5 Qf4 21.
Rg3+ Kxf6 22. Rf3 Qxf3 23. Qxf3+ Ke7 24. Qg3 Rg8 25. Re1 Rcd8 26. Qa3+ Kf6 27.
Qf3+ Ke7 28. Nc7 e5 29. Nxd5+ Ke6 30. Nc7+ Ke7 31. Qb3 Nd4 32. Rxe5+ Kf6 33. Qe3
1-0

[Event "AUTO-INT-652"]
[Site "http://www.queenalice.com/game.php?id=370229"]
[Date "2008.3.13"]
[Round "2"]
[White "loh335"]
[Black "peritezz"]
[Result "0-1"]
[WhiteElo "1946"]
[BlackElo "2145"]

1. d4 Nf6 2. c4 e6 3. Nf3 d5 4. cxd5 exd5 5. Bg5 Qd6 6. Nc3 Ne4 7. e3 Nxg5 8.
Nxg5 Be7 9. Qh5 g6 10. Qh6 Bf8 11. Qh4 Nc6 12. e4 Be7 13. exd5 Nb4 14. Bb5+ c6
15. Ba4 Nxd5 16. Qh6 Nxc3 17. bxc3 Qd5 18. Qg7 Rf8 19. Nxh7 Qc4 20. Kd2 Qxa4 21.
Rhe1 Be6 22. Nxf8 Bxf8 23. Qf6 Kd7 24. h3 Re8 25. g4 Qa3 26. Kc2 Be7 27. Qf4
Bxa2 28. Qe5 b5 29. Re3 Qb3+ 30. Kd3 Qb2 31. Ree1 Bc4+ 32. Ke4 Ba3 0-1

[Event "AUTO-INT-652"]
[Site "http://www.queenalice.com/game.php?id=370230"]
[Date "2008.3.13"]
[Round "2"]
[White "drpehrson"]
[Black "loh335"]
[Result "0-1"]
[WhiteElo "1678"]
[BlackElo "1947"]

1. c4 c5 2. Nc3 e6 3. g3 Nf6 4. e3 d5 5. cxd5 Nxd5 6. a3 Nc6 7. Bg2 b6 8. Nxd5
exd5 9. h3 Bd6 10. Ne2 Be6 11. O-O Qd7 12. Kh2 O-O-O 13. Ng1 h5 14. h4 g5 15.
Nf3 gxh4 16. Nxh4 Rdg8 17. b3 Rg4 18. Nf3 h4 19. Nxh4 Rgxh4+ 20. Kg1 Bh3 21.
Bxh3 Qxh3 0-1

[Event "AUTO-INT-652"]
[Site "http://www.queenalice.com/game.php?id=370231"]
[Date "2008.3.13"]
[Round "2"]
[White "loh335"]
[Black "drpehrson"]
[Result "1-0"]
[WhiteElo "1936"]
[BlackElo "1706"]

1. Nf3 c5 2. g3 e6 3. Bg2 g6 4. e4 Nc6 5. d4 cxd4 6. Nxd4 a6 7. O-O e5 8. Nxc6
bxc6 9. Nc3 h6 10. Be3 d6 11. f4 exf4 12. Bxf4 Ra7 13. Qd4 Rc7 14. Qxh8 Nf6 15.
e5 Ng4 16. exd6 Rb7 17. Bxc6+ Rd7 18. Rfe1+ Ne5 19. Rxe5+ 1-0

[Event "AUTO-OPEN-975"]
[Site "http://www.queenalice.com/game.php?id=384169"]
[Date "2008.4.8"]
[Round "2"]
[White "Renatogr90"]
[Black "loh335"]
[Result "0-1"]
[WhiteElo "1631"]
[BlackElo "1952"]

1. e4 d5 2. exd5 Qxd5 3. Nc3 Qa5 4. Qf3 Nf6 5. Nh3 Nc6 6. Bb5 Bd7 7. Bxc6 Bxc6
8. Qg3 e6 9. O-O Ne4 10. Nxe4 Bxe4 11. d3 Bf5 12. b3 Qc3 13. Bf4 f6 14. f3 Bxh3
15. gxh3 O-O-O 16. Rf2 Qxa1+ 17. Kg2 Bc5 18. Re2 Qg1# 0-1

[Event "AUTO-OPEN-975"]
[Site "http://www.queenalice.com/game.php?id=384170"]
[Date "2008.4.8"]
[Round "2"]
[White "loh335"]
[Black "Renatogr90"]
[Result "1-0"]
[WhiteElo "1953"]
[BlackElo "1605"]

1. d4 e6 2. e4 Nc6 3. c4 d5 4. cxd5 exd5 5. Nc3 dxe4 6. d5 Ne5 7. Nxe4 Nf6 8.
Qd4 Bd6 9. Bg5 c6 10. dxc6 bxc6 11. Nxd6+ Kf8 12. Qxe5 Qe7 13. Nf3 Qxe5+ 14.
Nxe5 h6 15. Ndxf7 Rh7 16. Be3 Be6 17. Nd6 Rd8 18. Bc5 Kg8 19. Bd3 Rh8 20. Nxc6
Rd7 21. Nxa7 g5 22. O-O Kg7 23. f4 gxf4 24. Rxf4 Nd5 25. Rf3 Nb4 26. Rg3+ Kf6
27. Bd4+ Ke7 28. Bxh8 Nxd3 29. Rxd3 Rxd6 30. Re3 Kf7 31. Rf1+ Kg8 32. Rf6 Rd1+
33. Kf2 Kxh8 34. Rexe6 Rd2+ 35. Kg3 Rxb2 36. Rxh6+ Kg7 37. Rh4 Rxa2 38. Nb5 Rb2
39. Nd4 Rd2 40. Nf5+ Kf7 41. Rhh6 Rd3+ 42. Kg4 Rd2 43. Re7+ Kg8 44. Rg7+ Kf8 45.
Rh8# 1-0

[Event "AUTO-OPEN-975"]
[Site "http://www.queenalice.com/game.php?id=384181"]
[Date "2008.4.8"]
[Round "2"]
[White "Donidon"]
[Black "loh335"]
[Result "1-0"]
[WhiteElo "2208"]
[BlackElo "1996"]

1. e4 e6 2. d4 d5 3. Nc3 Bb4 4. e5 Nc6 5. f4 f6 6. Nf3 Bd7 7. Bd3 fxe5 8. fxe5
Qe7 9. O-O Bxc3 10. bxc3 Nh6 11. a4 Nf5 12. g4 Nh6 13. Ba3 Qd8 14. Qd2 Nf7 15.
Qf4 Bc8 16. h4 a6 17. Ng5 Nxg5 18. hxg5 Ne7 19. Qf7+ Kd7 20. Qxg7 Rg8 21. Qxh7
Rxg5 22. Rf7 Rxg4+ 23. Kh2 Kc6 24. Rxe7 b6 25. Rf1 Ra7 26. Bxa6 Rxa6 27. Rf8
Rh4+ 28. Qxh4 Qxf8 29. Rxe6+ Bxe6 30. Bxf8 Ra8 31. Qe7 Bg8 32. Qf6+ Kb7 33. Bd6
Rc8 34. Qe7 Kb8 35. Bb4 Kb7 36. a5 bxa5 37. Bxa5 Kc6 38. e6 Kb7 39. c4 dxc4 40.
d5 Bxe6 41. dxe6 Rh8+ 42. Kg3 1-0

[Event "AUTO-OPEN-975"]
[Site "http://www.queenalice.com/game.php?id=384182"]
[Date "2008.4.8"]
[Round "2"]
[White "loh335"]
[Black "Donidon"]
[Result "1-0"]
[WhiteElo "1955"]
[BlackElo "2228"]

1. Nf3 d5 2. g3 Nf6 3. Bg2 Nc6 4. O-O e5 5. c3 Bc5 6. d4 exd4 7. cxd4 Be7 8. Nc3
O-O 9. Ne5 Be6 10. Bf4 Nxe5 11. dxe5 Nh5 12. Nxd5 Bxd5 13. Bxd5 Nxf4 14. gxf4 c6
15. Be4 Qb6 16. Qc2 h6 17. e3 Rfd8 18. Rfd1 Rxd1+ 19. Rxd1 Rd8 20. Rxd8+ Qxd8
21. a3 Qa5 22. Qd1 Qc7 23. Kg2 Qd8 24. Qg4 Kf8 25. Qf5 g6 26. Qh3 h5 27. f5 Qc7
28. f6 Bd8 29. f4 Ke8 30. Qg3 Qa5 31. Kh3 Qd2 32. f5 g5 33. Qxg5 Qe2 34. Qg8+
Kd7 35. e6+ Kc7 36. exf7 Bxf6 37. f8=Q Qf1+ 38. Qg2 Qxg2+ 39. Kxg2 1-0

[Event "AUTO-OPEN-958"]
[Site "http://www.queenalice.com/game.php?id=387071"]
[Date "2008.4.13"]
[Round "2"]
[White "loh335"]
[Black "Blackangel"]
[Result "1-0"]
[WhiteElo "1938"]
[BlackElo "1924"]

1. e4 e5 2. Nf3 Nc6 3. Bc4 Nf6 4. Ng5 d5 5. exd5 Nxd5 6. Qf3 Qxg5 7. Bxd5 Nd4 8.
Qxf7+ Kd8 9. O-O Nxc2 10. d4 Qf5 11. dxe5 Qxf7 12. Bxf7 Nxa1 13. Rd1+ Ke7 14.
Bc4 Bf5 15. Bg5+ Ke8 16. Nc3 h6 17. Nd5 Rc8 18. Nxc7+ Rxc7 19. Rd8# 1-0

[Event "AUTO-OPEN-958"]
[Site "http://www.queenalice.com/game.php?id=387072"]
[Date "2008.4.13"]
[Round "2"]
[White "Blackangel"]
[Black "loh335"]
[Result "0-1"]
[WhiteElo "1938"]
[BlackElo "1982"]

1. e4 c5 2. Nf3 Nc6 3. d4 cxd4 4. Nxd4 Qa5+ 5. Nc3 Qe5 6. Be3 Nf6 7. Ndb5 e6 8.
g3 Nxe4 9. Nxe4 Qxe4 10. Nc7+ Kd8 11. Nxa8 Qxh1 12. Qh5 g6 13. Bg5+ Be7 14. Qh4
Qd5 15. Bf6 g5 16. Qh6 Qe4+ 17. Kd2 Qb4+ 18. Kd1 Re8 19. Qxg5 b6 20. Bg2 Bb7 21.
Bxe7+ Rxe7 22. Qg8+ Re8 23. Qg5+ Kc8 24. Bxc6 dxc6 25. Qf4 Rd8+ 0-1

[Event "AUTO-ADV-751"]
[Site "http://www.queenalice.com/game.php?id=400825"]
[Date "2008.5.10"]
[Round "2"]
[White "xandinhov"]
[Black "loh335"]
[Result "0-1"]
[WhiteElo "2164"]
[BlackElo "2112"]

1. e4 c5 2. Nf3 d6 3. d4 cxd4 4. Nxd4 g6 5. c4 Bg7 6. Nc3 Nc6 7. Be3 Nf6 8. Be2
O-O 9. f4 a6 10. O-O Bd7 11. Rc1 Re8 12. Nb3 Qc8 13. h3 Rb8 14. c5 Qc7 15. Nd5
Qd8 16. Bf3 a5 17. Nc3 Be6 18. Qe2 Bxb3 19. axb3 e5 20. Rcd1 Nd4 21. Bxd4 exd4
22. Rxd4 Qc7 23. cxd6 Qb6 24. Qd1 Nxe4 25. Nxe4 Bxd4+ 26. Kh2 Red8 27. Qd3 Bxb2
28. Rb1 Bg7 29. Rd1 Rbc8 30. Bg4 Ra8 31. Qd5 Qe3 0-1

[Event "AUTO-ADV-751"]
[Site "http://www.queenalice.com/game.php?id=400826"]
[Date "2008.5.10"]
[Round "2"]
[White "loh335"]
[Black "xandinhov"]
[Result "1-0"]
[WhiteElo "2097"]
[BlackElo "2178"]

1. c4 e5 2. g3 Nc6 3. d3 Bb4+ 4. Bd2 Bxd2+ 5. Qxd2 Nf6 6. Bg2 d6 7. Nc3 O-O 8.
Nf3 h6 9. O-O Re8 10. d4 Bg4 11. d5 Ne7 12. e4 c6 13. Rac1 cxd5 14. cxd5 Rc8 15.
Rfe1 Qb6 16. b3 Bd7 17. Rc2 Qb4 18. Rcc1 Rc5 19. Na4 Qxd2 20. Nxd2 Rxc1 21. Rxc1
Rc8 22. Rxc8+ Nxc8 23. Nc3 Nb6 24. a4 a5 25. Nd1 Bg4 26. Ne3 Be2 27. Nf5 Ne8 28.
Bf1 Bxf1 29. Kxf1 Kh7 30. Ne3 g6 31. Nec4 Nc8 32. Nxa5 1-0

[Event "AUTO-ADV-751"]
[Site "http://www.queenalice.com/game.php?id=400829"]
[Date "2008.5.10"]
[Round "2"]
[White "loh335"]
[Black "muppyman"]
[Result "1-0"]
[WhiteElo "1988"]
[BlackElo "1778"]

1. c4 e5 2. Nc3 Nc6 3. d3 Nf6 4. Nf3 d5 5. cxd5 Nxd5 6. e4 Nxc3 7. bxc3 Be7 8.
Rb1 O-O 9. Be2 Be6 10. Rxb7 Rb8 11. Rxb8 Qxb8 12. O-O Bg4 13. Qc2 Rd8 14. Be3
Bd6 15. d4 Bxf3 16. Bxf3 exd4 17. cxd4 Nb4 18. Qc4 c6 19. a3 1-0

[Event "AUTO-ADV-751"]
[Site "http://www.queenalice.com/game.php?id=400830"]
[Date "2008.5.10"]
[Round "2"]
[White "muppyman"]
[Black "loh335"]
[Result "0-1"]
[WhiteElo "1791"]
[BlackElo "2060"]

1. e4 c5 2. Nf3 d6 3. g3 g6 4. Bg2 Bg7 5. c3 Nc6 6. O-O Bg4 7. Re1 Nf6 8. d3 Qd7
9. Nbd2 O-O 10. Nf1 Bh3 11. Bxh3 Qxh3 12. Ng5 Qd7 13. Ne3 b5 14. Ng2 b4 15. Nf4
bxc3 16. bxc3 h6 17. Nf3 Rab8 18. Ba3 g5 19. Ng2 Ng4 20. Ne3 Bxc3 21. Nxg4 Qxg4
22. Kg2 Bxe1 23. Qxe1 f6 24. h3 Qe6 25. Rb1 Qxa2 26. Rxb8 Rxb8 27. Qc1 Rb1 28.
Qc3 Qe2 29. Bc1 Qd1 30. Qc4+ Kg7 0-1

[Event "AUTO-OPEN-958"]
[Site "http://www.queenalice.com/game.php?id=414818"]
[Date "2008.6.8"]
[Round "3"]
[White "TheBigSid"]
[Black "loh335"]
[Result "0-1"]
[WhiteElo "2097"]
[BlackElo "1996"]

1. d4 Nf6 2. c4 e6 3. Nc3 Bb4 4. Qc2 O-O 5. Nf3 d5 6. e3 b6 7. Bd3 dxc4 8. Bxc4
Bb7 9. Be2 Nbd7 10. O-O c5 11. dxc5 Nxc5 12. a3 Bxc3 13. Qxc3 Rc8 14. Rd1 Bd5
15. b4 Nb3 16. Qb2 Ne4 17. Rb1 Nc3 18. Re1 Nxb1 19. Qxb1 Nxc1 20. Rxc1 Be4 21.
Qb2 Rxc1+ 22. Qxc1 Qd5 23. h3 h6 24. Qc7 Qa2 0-1

[Event "AUTO-OPEN-958"]
[Site "http://www.queenalice.com/game.php?id=414819"]
[Date "2008.6.8"]
[Round "3"]
[White "loh335"]
[Black "TheBigSid"]
[Result "1-0"]
[WhiteElo "2016"]
[BlackElo "2077"]

1. c4 Nf6 2. d4 e6 3. Nc3 d5 4. Bg5 Be7 5. e3 O-O 6. Nf3 b6 7. Bxf6 Bxf6 8. Qc2
Bb7 9. Bd3 h6 10. cxd5 exd5 11. O-O Nd7 12. e4 dxe4 13. Bxe4 Bxe4 14. Nxe4 Be7
15. Rad1 Qc8 16. Rfe1 c5 17. d5 Nf6 18. d6 Bd8 19. Ng3 a6 20. Nf5 Ra7 21. Ne5 b5
22. Re3 Nd7 23. Rg3 Nxe5 24. Rxg7+ Kh8 25. Rh7+ Kxh7 26. Ne7+ f5 27. Nxc8 Rg7
28. Qxc5 Nf3+ 29. Kh1 Ng5 30. d7 Rfg8 31. h4 Nf7 32. Qxf5+ Kh8 33. Nd6 1-0

[Event "AUTO-OPEN-975"]
[Site "http://www.queenalice.com/game.php?id=414956"]
[Date "2008.6.8"]
[Round "3"]
[White "loh335"]
[Black "Donidon"]
[Result "1-0"]
[WhiteElo "2034"]
[BlackElo "2272"]

1. d4 Nf6 2. c4 e6 3. Nc3 d5 4. Bg5 Be7 5. e3 O-O 6. Nf3 dxc4 7. Bxc4 h6 8. Bh4
c5 9. dxc5 Qc7 10. b4 Rd8 11. Qc2 b6 12. Bg3 Qc6 13. O-O bxc5 14. b5 Qb6 15. a4
a5 16. Ne5 Bb7 17. Bd3 c4 18. Nxc4 Qc5 19. Rfd1 Nbd7 20. Bd6 Bxd6 21. Nxd6 Qb6
22. Nxb7 Qxb7 23. Ne4 Nd5 24. Nd6 Qb8 25. Nc4 Nb4 26. Qb1 Nb6 27. Bh7+ Kh8 28.
Rxd8+ Qxd8 29. Nxb6 Qxb6 30. Be4 Rd8 31. Qb3 Qc7 32. Rd1 Rxd1+ 33. Qxd1 Kg8 34.
g4 f6 35. b6 Qxb6 36. Qd7 Qc5 37. Qe8+ Qf8 38. Bh7+ Kxh7 39. Qxf8 Kg6 40. Qe8+
1-0

[Event "AUTO-OPEN-975"]
[Site "http://www.queenalice.com/game.php?id=414957"]
[Date "2008.6.8"]
[Round "3"]
[White "Donidon"]
[Black "loh335"]
[Result "1-0"]
[WhiteElo "2264"]
[BlackElo "2065"]

1. e4 c5 2. Nf3 d6 3. d4 cxd4 4. Nxd4 Nf6 5. Nc3 a6 6. Bc4 e6 7. Bb3 b5 8. O-O
Bb7 9. Be3 Nbd7 10. f3 Ne5 11. Qe1 Be7 12. Bxe6 fxe6 13. Nxe6 Qd7 14. Nxg7+ Kf7
15. Nf5 Rac8 16. Bd4 b4 17. Rd1 Ng6 18. Nb1 a5 19. c3 Qe6 20. cxb4 axb4 21. Qxb4
Ba6 22. Nxe7 Kxe7 23. Rfe1 Ne5 24. f4 Nd3 25. Rxd3 Bxd3 26. e5 Nd5 27. exd6+ Kf7
28. f5 Bxf5 29. Rxe6 Nxb4 30. Rf6+ Ke8 31. Rxf5 Rc1+ 32. Kf2 Rg8 33. Na3 Kd7 34.
Rh5 Kxd6 35. Be3 Rcc8 36. Nb5+ Ke6 37. Kf3 Rcf8+ 38. Bf4 Nd3 39. Nc7+ Kf6 40.
Nd5+ Ke6 41. g3 Nxb2 42. Ke4 Rf7 43. Be5 Nc4 44. Rh6+ Rg6 45. Nf4+ Kd7 46. Nxg6
hxg6 47. Rxg6 Rf2 48. Rh6 Rxa2 49. Bf4 Nd2+ 50. Bxd2 Rxd2 51. h4 Ke7 52. g4 Kf7
53. h5 Kg7 54. Rg6+ Kh7 55. Rb6 Re2+ 56. Kf5 Rf2+ 57. Kg5 Rg2 58. Rb7+ Kh8 59.
h6 Rd2 60. Kh5 Rd5+ 61. g5 Kg8 62. Re7 Rf5 63. Kg6 Rf8 64. Re5 Kh8 65. Kh5 1-0

[Event "AUTO-OPEN-975"]
[Site "http://www.queenalice.com/game.php?id=414958"]
[Date "2008.6.8"]
[Round "3"]
[White "loh335"]
[Black "PedroNRF"]
[Result "1-0"]
[WhiteElo "2083"]
[BlackElo "2032"]

1. Nf3 d5 2. d4 Bf5 3. c4 dxc4 4. e3 b5 5. a4 Nc6 6. axb5 Nb4 7. Na3 Nd3+ 8.
Bxd3 cxd3 9. Ne5 Nf6 10. Nxd3 e6 11. O-O Be7 12. Ne5 O-O 13. Nac4 Qd5 14. Qa4
Nd7 15. Nxd7 Qxd7 16. Ne5 Qd6 17. f3 Bf6 18. Nc6 e5 19. b3 Rfe8 20. e4 exd4 21.
exf5 1-0

[Event "AUTO-OPEN-975"]
[Site "http://www.queenalice.com/game.php?id=414959"]
[Date "2008.6.8"]
[Round "3"]
[White "PedroNRF"]
[Black "loh335"]
[Result "0-1"]
[WhiteElo "2047"]
[BlackElo "2068"]

1. d4 Nf6 2. Nc3 c5 3. dxc5 e5 4. Be3 Na6 5. Nf3 e4 6. Nd2 Nxc5 7. Bxc5 Bxc5 8.
Ndxe4 Bb4 9. Nd6+ Bxd6 10. Qxd6 Qb6 11. Qxb6 axb6 12. h3 d5 13. g4 O-O 14. Bg2
d4 15. Nb5 Rd8 16. a4 Bd7 17. Nxd4 Rxa4 18. Rxa4 Bxa4 19. e3 Nd5 20. c4 Nf4 0-1

[Event "romerov"]
[Site "http://www.queenalice.com/game.php?id=419284"]
[Date "2008.6.17"]
[Round "3"]
[White "loh335"]
[Black "Hakkinen"]
[Result "1-0"]
[WhiteElo "2057"]
[BlackElo "1940"]

1. e4 c5 2. c3 d6 3. Nf3 Nf6 4. Bc4 g6 5. e5 dxe5 6. Nxe5 e6 7. d4 cxd4 8. cxd4
Bg7 9. Bg5 O-O 10. O-O Nbd7 11. Nc3 Qc7 12. Qe2 h6 13. Bh4 Nxe5 14. dxe5 Nd7 15.
f4 b6 16. Rac1 g5 17. Bd3 f5 18. exf6 Bxf6 19. Nb5 Qd8 20. fxg5 hxg5 21. Qxe6+
Kg7 22. Qe4 Rh8 23. Qg6+ Kf8 24. Bxg5 1-0